01157nam a2200193Ia 4500001001100000003001000011008004100021040002500062041001300087100003100100245009300131250001100224260006700235300002700302500024300329501011400572520024300686650003400929L235-10147IT-CnALBA170116s9999||||xx |||||||||||||| ||und|| aIT-CnALBAcIT-CnALBA aITALIANO aBARRA GIOVANNI, SACERDOTE. 0aNON AMERO' MAI ABBASTANZA. L'ABATE HUVELIN DIRETTORE SPIRITUALE DI CHARLES DE FOUCAULD.  a2a ed. aCINISELLO BALSAMO (MI)bEDIZIONI PAOLINEc1963 [1° Ed.: n.d.] a186 p. (prefazione: 9) aAMORE ALLA PRIMA PARROCCHIA. APOSTOLO DI GRANDE PERSONALITÀ. SGUARDO DI CRISTO SUL PECCATORE. FIGLIO, GLORIA DEL PADRE. SANTITÀ E DISCREZIONE. DIALOGO CON GLI UOMINI. GRANDEZZA UMANA DELL'AMORE. LA SPERANZA. OFFERTA DI LUCE E CALORE.  aSocietà San Paolo EM - Piazza San Paolo, 14 - 12051 ALBA (CN) (non commercial uses only) ® Copyright 2017 aAMORE ALLA PRIMA PARROCCHIA. APOSTOLO DI GRANDE PERSONALITÀ. SGUARDO DI CRISTO SUL PECCATORE. FIGLIO, GLORIA DEL PADRE. SANTITÀ E DISCREZIONE. DIALOGO CON GLI UOMINI. GRANDEZZA UMANA DELL'AMORE. LA SPERANZA. OFFERTA DI LUCE E CALORE.  aMARIA SS. ANGELI SANTI DEMONI